ՀՀ Գիտությունների ազգային ակադեմիայի հիմնարար գիտական գրադարան  =   Fundamental Scientific Library of NAS RA

Միջոցառումը՝ որպես կրտսեր ղպրոցականի դաստիարակության տեխնոլոգիա ։ (Record no. 527566)

MARC details
000 -LEADER
fixed length control field 01481nam a2200277 a 4500
001 - CONTROL NUMBER
control field 1814117
003 - CONTROL NUMBER IDENTIFIER
control field AM-YEHGA
005 - DATE AND TIME OF LATEST TRANSACTION
control field 20250617164652.0
008 - FIXED-LENGTH DATA ELEMENTS--GENERAL INFORMATION
fixed length control field 220120s2021 ai d||||||||||||||0|arm|d
020 ## - INTERNATIONAL STANDARD BOOK NUMBER
International Standard Book Number 9789939606859
040 ## - CATALOGING SOURCE
Original cataloging agency AM-YeHGA
041 0# - LANGUAGE CODE
Language code of text/sound track or separate title arm
090 ## - LOCALLY ASSIGNED LC-TYPE CALL NUMBER (OCLC); LOCAL CALL NUMBER (RLIN)
-- 565675
100 1# - MAIN ENTRY--PERSONAL NAME
Personal name Մարտիրոսյան, Նաիրա Հրանտի
245 10 - TITLE STATEMENT
Title Միջոցառումը՝ որպես կրտսեր ղպրոցականի դաստիարակության տեխնոլոգիա ։
Remainder of title Ուսումնամեթոդական ձեռնարկ /
Statement of responsibility, etc. Ն.Հ. Մարտիրոսյան ; Խմբագիրներ՝ Լ.Մ. Պետրոսյան, Մ.Հ. Բաբախանյան ; Գրախոսներ՝ Ի.Ռ. Սարգսյան, Մ.Հ. Բաբախանյան.
260 ## - PUBLICATION, DISTRIBUTION, ETC.
Place of publication, distribution, etc. Երևան :
Name of publisher, distributor, etc. ՎՄՎ-Պրինտ,
Date of publication, distribution, etc. 2021.
300 ## - PHYSICAL DESCRIPTION
Extent 128 էջ ։
Other physical details աղյուսակներ ;
Dimensions 21 սմ.
504 ## - BIBLIOGRAPHY, ETC. NOTE
Bibliography, etc. note Օգտագործված գրականության ցանկ՝ էջ 125-127։
650 14 - SUBJECT ADDED ENTRY--TOPICAL TERM
Topical term or geographic name entry element Արտադասարանական միջոցառումներ
Form subdivision Ուսումնամեթոդական ձեռնարկներ
650 14 - SUBJECT ADDED ENTRY--TOPICAL TERM
Topical term or geographic name entry element Տարրական դպրոցական կրթություն
Form subdivision Ուսումնամեթոդական ձեռնարկներ
700 1# - ADDED ENTRY--PERSONAL NAME
Personal name Պետրոսյան, Լ.Մ.
Relator term խմբագիր
Relationship edt
700 1# - ADDED ENTRY--PERSONAL NAME
Personal name Բաբախանյան, Մ.Հ.
Relator term խմբագիր
Relationship edt
700 1# - ADDED ENTRY--PERSONAL NAME
Personal name Սարգսյան, Ի.Ռ.
Relator term գրախոս
Relationship rev
700 1# - ADDED ENTRY--PERSONAL NAME
Personal name Բաբախանյան, Մ.Հ.
Relator term գրախոս
Relationship rev
942 ## - ADDED ENTRY ELEMENTS (KOHA)
Source of classification or shelving scheme Universal Decimal Classification
Koha item type Գրքեր / Books
Holdings
Withdrawn status Lost status Source of classification or shelving scheme Damaged status Not for loan Collection Home library Current library Date acquired Total checkouts Full call number Barcode Date last seen Price effective from Koha item type Public note
    Universal Decimal Classification     General Fundamental Scientific Library Fundamental Scientific Library 04/04/2023   AII/109927 FL0678758 04/04/2023 04/04/2023 Գրքեր / Books 30 Days Loan
    Universal Decimal Classification     General Fundamental Scientific Library Fundamental Scientific Library 04/04/2023   AII/109928 FL0678759 04/04/2023 04/04/2023 Գրքեր / Books 30 Days Loan
    Universal Decimal Classification     General Fundamental Scientific Library Fundamental Scientific Library 24/07/2024   AII/112130 FL0685996 24/07/2024 24/07/2024 Գրքեր / Books 30 Days Loan
    Universal Decimal Classification     General Fundamental Scientific Library Fundamental Scientific Library 24/07/2024   AII/112131 FL0685995 24/07/2024 24/07/2024 Գրքեր / Books 30 Days Loan
    Universal Decimal Classification     General Fundamental Scientific Library Fundamental Scientific Library 24/07/2024   AII/112132 FL0685994 24/07/2024 24/07/2024 Գրքեր / Books 30 Days Loan


ՀՀ ԳԱԱ հիմնարար գիտական գրադարան
ՀՀ,Երևան 0019
Մարշալ Բաղրամյան 24/6
հեռախոս:(374-10) 52-47-50
Հետադարձ կապ

All site content, except where otherwise noted, is licensed under a
Creative Commons License